Central Library OPAC University of Rajshahi

Guide to research facilities in history in the universities of Great Britain and Ireland / (Record no. 22295)

MARC details
000 -LEADER
fixed length control field 00904nam a2200277 a 4500
001 - CONTROL NUMBER
control field 22295
003 - CONTROL NUMBER IDENTIFIER
rucl marc code BD-RjUL
005 - DATE AND TIME OF LATEST TRANSACTION
control field 20211209000805.0
008 - FIXED-LENGTH DATA ELEMENTS--GENERAL INFORMATION
fixed length control field 880808s1965 enk 000 0 eng
035 ## - SYSTEM CONTROL NUMBER
System control number 65-24953
System control number (BD-RjUL)22360
040 ## - CATALOGING SOURCE
Original cataloging agency DLC
Transcribing agency DLC
Modifying agency m.c
-- EQO
-- BD-RjUL
Language of cataloging eng
041 ## - LANGUAGE CODE
Language code of text/sound track or separate title eng
082 ## - DEWEY DECIMAL CLASSIFICATION NUMBER
Classification number 907.2
Author mark and year CLG
100 1# - MAIN ENTRY--PERSONAL NAME
Personal name Kitson Clark, G. S. R.
Fuller form of name (George Sidney Roberts),
Dates associated with a name 1900-1975
9 (RLIN) 68837
245 10 - TITLE STATEMENT
Title Guide to research facilities in history in the universities of Great Britain and Ireland /
Statement of responsibility, etc. G. kitson Clark
250 ## - EDITION STATEMENT
Edition statement 2nd ed. /
260 ## - PUBLICATION, DISTRIBUTION, ETC. (IMPRINT)
Place of publication, distribution, etc. Cambridge :
Name of publisher, distributor, etc. University Press,
Date of publication, distribution, etc. 1965.
300 ## - PHYSICAL DESCRIPTION
Pagination 54 p. ;
Size 19 cm
650 #0 - SUBJECT ADDED ENTRY--TOPICAL TERM
Topical term or geographic name as entry element History
General subdivision Research
9 (RLIN) 1836
Topical term or geographic name as entry element History
General subdivision Study and teaching (Higher)
Geographic subdivision Great Britain
9 (RLIN) 68838
700 1# - ADDED ENTRY--PERSONAL NAME
Personal name Elton, G. R.
Fuller form of name (Geoffrey Rudolph)
942 ## - ADDED ENTRY ELEMENTS (KOHA)
Source of classification or shelving scheme Dewey Decimal Classification
Koha item type Books
Holdings
Lost status Source of classification or shelving scheme Damaged status Not for loan Collection code Permanent Location Current Location Shelving location Date acquired Source of acquisition Cost, normal purchase price Total Checkouts Full call number Date last seen Copy number Koha item type
  Dewey Decimal Classification   Added to bundle Non-fiction Central Library, University of Rajshahi Central Library, University of Rajshahi Reading Room 07/10/1987 Zeitlinger 7.60   907.2 CLG 1965 08/03/2014 C-1 Books